| 000 | 01135nam a2200301 i 4500 | ||
|---|---|---|---|
| 001 | 70585 | ||
| 003 | Mx-PuUPA | ||
| 005 | 20231018111547.0 | ||
| 008 | 231018s2022 nyua|||fr|||| 00| 0 eng d | ||
| 020 |
_a9781603296052 _qrústica |
||
| 040 |
_aMx-PuUPA _bspa _cMx-PuUPA _dMx-PuUPA _erda |
||
| 041 | 0 | _aeng | |
| 100 | 1 |
_aCarillo, Ellen C., _915005 _eautor |
|
| 245 | 1 | 0 |
_aMLA guide to digital literacy / _cEllen C. Carrillo |
| 250 | _aSecond edition | ||
| 264 | 1 |
_aNew York : _bThe Modern Languaje Association of America, _c2022 |
|
| 300 |
_axi, 167 páginas : _bilustraciones ; _c23 cm |
||
| 336 |
_2rdacontent _atexto _btxt |
||
| 337 |
_2rdamedia _asin medio _bn |
||
| 338 |
_2rdacarrier _avolumen _bnc |
||
| 650 | 7 |
_2armarc _aAlfabetización en recursos de información electrónica _vLibros de texto |
|
| 650 | 7 |
_2armarc _aBúsqueda en internet _vLibros de texto |
|
| 650 | 7 |
_2armarc _aInvestigación _xMetodología _vLibros de texto |
|
| 942 |
_2ddc _cLI _h025.0425 _iC257 |
||
| 999 |
_c70585 _d70585 |
||